000 00510nam a2200181Ia 4500
005 20250508152510.0
008 008 250505s9999 xx 000 0 eng d
037 _aTextual
040 _aFEDL
_beng
_cFEDL
041 _aeng
_2eng
084 _a371.335, BRO
_qFEDL
100 _aBrown James W
245 0 _aA-V instruction materials and methods
260 _aNew York, USA
_bMcGraw-Hill Book Company
_c1959
300 _a554p.
942 _cTEXL
_h371.335, BRO
999 _c1336818
_d1336818